[Event "SVK-chT5 SE-SI 1617"]
[Site "Slovakia"]
[Date "2017.01.21"]
[Round "5.5"]
[White "Vyrubal, Ondrej"]
[Black "Ralbovsky, Milan"]
[Result "1/2-1/2"]
[WhiteElo "1000"]
[BlackElo "1520"]
[PlyCount "126"]
[EventDate "2016.10.15"]
[EventType "team-tourn"]
[EventRounds "9"]
[EventCountry "SVK"]
[SourceTitle "EXT 2018"]
[Source "ChessBase"]
[SourceDate "2017.10.13"]
[SourceVersion "1"]
[SourceVersionDate "2017.10.13"]
[SourceQuality "1"]
[WhiteTeam "Gbely Nafta V"]
[BlackTeam "Gbely Nafta IV"]
[WhiteTeamCountry "SVK"]
[BlackTeamCountry "SVK"]

1. Nf3 d5 2. d4 e6 3. Bf4 Bd6 4. e3 Bxf4 5. exf4 Nc6 6. Nc3 a6 7. a3 Nf6 8. Bd3 0-0 9. 0-0 Qd6 10. Re1 Qxf4 11. g3 Qh6 12. Bf1 b5 13. b4 Bb7 14. Rb1 Ne7 15. Qc1 Ng4 16. Qxh6 Nxh6 17. Ne5 Bc8 18. a4 Nhf5 19. Ne2 f6 20. Nd3 Nc6 21. axb5 axb5 22. Ra1 Rxa1 23. Rxa1 Bb7 24. Ra2 Ra8 25. Rxa8+ Bxa8 26. c3 g5 27. Nc5 Kf7 28. Nd7 Ke7 29. Nc5 h5 30. Bh3 Kf7 31. Bxf5 exf5 32. Na6 Ne7 33. Nxc7 Bc6 34. Na6 Ng8 35. Nc5 Nh6 36. h4 gxh4 37. gxh4 Ng4 38. f3 Ne3 39. Kf2 f4 40. Ke1 Ng2+ 41. Kf2 Nxh4 42. Nxf4 Nf5 43. Nxh5 Ng7 44. Nxg7 Kxg7 45. f4 Kg6 46. Nd3 Kf5 47. c4 dxc4 48. Ne1 Ke4 49. d5 Bxd5 50. Ng2 c3 51. Ne1 Kxf4 52. Kf1 Bb3 53. Ke2 c2 54. Nxc2 Bxc2 55. Kd2 f5 56. Kxc2 Ke3 57. Kd1 f4 58. Ke1 f3 59. Kf1 Kf4 60. Kf2 Kg4 61. Kf1 Kg3 62. Kg1 f2+ 63. Kf1 Kf3 1/2-1/2